Reuse / (Record no. 2559)

MARC details
000 -LEADER
fixed length control field 00946cam a22002654a 4500
005 - DATE AND TIME OF LATEST TRANSACTION
control field 20240105155902.0
020 ## - INTERNATIONAL STANDARD BOOK NUMBER
International Standard Book Number 9780822556756
040 ## - CATALOGING SOURCE
Original cataloging agency DLC
Transcribing agency DLC
Modifying agency DLC
Language of cataloging eng
050 00 - LIBRARY OF CONGRESS CALL NUMBER
Classification number TD793.K57
Item number 2006
082 00 - DEWEY DECIMAL CLASSIFICATION NUMBER
Classification number 363.72
100 1# - MAIN ENTRY--PERSONAL NAME
Personal name Kishel, Ann-Marie
245 10 - TITLE STATEMENT
Title Reuse /
Statement of responsibility, etc. by Ann-Marie Kishel
260 ## - PUBLICATION, DISTRIBUTION, ETC.
Place of publication, distribution, etc. Minneapolis :
Name of publisher, distributor, etc. Lerner Publications Company,
Date of publication, distribution, etc. 2006
300 ## - PHYSICAL DESCRIPTION
Extent 8 pages :
Other physical details color illustrations ;
Dimensions 19 cm
505 ## - FORMATTED CONTENTS NOTE
Formatted contents note D <br/>
520 ## - SUMMARY, ETC.
Summary, etc. Each of these books examines ways students can help conserve resources in their community with simple text and corresponding photographs.
521 ## - TARGET AUDIENCE NOTE
Target audience note 190 Estimate <br/>
Source Lexile <br/>
521 ## - TARGET AUDIENCE NOTE
Target audience note D <br/>
Source Raz-Plus <br/>
650 #0 - SUBJECT ADDED ENTRY--TOPICAL TERM
Topical term or geographic name entry element Waste minimization
Form subdivision Juvenile literature.
650 #0 - SUBJECT ADDED ENTRY--TOPICAL TERM
Topical term or geographic name entry element Salvage (Waste, etc.)
Form subdivision Juvenile literature.
650 #0 - SUBJECT ADDED ENTRY--TOPICAL TERM
Topical term or geographic name entry element Conservation of natural resources
Form subdivision Juvenile literature.
906 ## - LOCAL DATA ELEMENT F, LDF (RLIN)
a 7
b cbc
c orignew
d 1
e ecip
f 20
g y-gencatlg
942 ## - ADDED ENTRY ELEMENTS (KOHA)
Source of classification or shelving scheme Dewey Decimal Classification
Koha item type Books
Suppress in OPAC No
999 ## -
-- 2559
-- 2559
Holdings
Withdrawn status Lost status Source of classification or shelving scheme Damaged status Not for loan Collection Home library Current library Shelving location Date acquired Total Checkouts Full call number Barcode Date last seen Date last checked out Price effective from Koha item type
    Dewey Decimal Classification     Non-Fiction Footprints International School Library Network Toul Kork Campus Footprints International School Library Network Toul Kork Campus   12/15/2023 1 KIS 363.72 TD793.K57 FISTK02196 01/29/2024 01/15/2024 12/15/2023 Books